Le clip : Histoire et esthétique (notice n° 1925270)

détails MARC
000 -LEADER
fixed length control field 01359cam a2200145 4500500
005 - DATE AND TIME OF LATEST TRANSACTION
control field 20260329023158.0
041 ## - LANGUAGE CODE
Language code of text/sound track or separate title fre
042 ## - AUTHENTICATION CODE
Authentication code dc
100 10 - MAIN ENTRY--PERSONAL NAME
Personal name Jullier, Laurent
Relator term author
245 00 - TITLE STATEMENT
Title Le clip : Histoire et esthétique
260 ## - PUBLICATION, DISTRIBUTION, ETC.
Name of publisher, distributor, etc. Armand Colin,<br/>
Date of publication, distribution, etc. 2013.<br/>
520 ## - SUMMARY, ETC.
Summary, etc. Aujourd’hui un clip peut être partagé sur Facebook ou sur YouTube, passer sur MTV au fond d’un bar, ou bien sortir en DVD signé d’un réalisateur reconnu. On peut aussi le retrouver dans le programme d’un festival de cinéma, dans un spectacle vivant mêlant sons et lumières, ou encore dans les salles d’un musée d’art contemporain. Au cœur d’enjeux financiers colossaux, le clip conserve pourtant cette aura de gratuité, aux deux sens du terme, qui a contribué à son succès et qui fait sa légèreté. Ainsi s’inspire-t-il de quantité de formes d’art et les influence-t-il en retour. Quel autre objet réalise cet exploit d’occuper tout à tour tant de fonctions, d’usages et de statuts sociaux&amp;#8239;? Des Beatles à Gangnam Style, de Thriller à Lady Gaga en passant par Michel Gondry et le Top 50, l’ouvrage propose les clés historiques, esthétiques et thématiques du phénomène clip.
700 10 - ADDED ENTRY--PERSONAL NAME
Personal name Péquignot, Julien
Relator term author
856 41 - ELECTRONIC LOCATION AND ACCESS
Uniform Resource Identifier <a href="https://shs.cairn.info/le-clip--9782200281212?lang=fr&redirect-ssocas=7080">https://shs.cairn.info/le-clip--9782200281212?lang=fr&redirect-ssocas=7080</a>

Pas d'exemplaire disponible.

PLUDOC

PLUDOC est la plateforme unique et centralisée de gestion des bibliothèques physiques et numériques de Guinée administré par le CEDUST. Elle est la plus grande base de données de ressources documentaires pour les Étudiants, Enseignants chercheurs et Chercheurs de Guinée.

Adresse

627 919 101/664 919 101

25 boulevard du commerce
Kaloum, Conakry, Guinée

Réseaux sociaux

Powered by Netsen Group @ 2025